[Event "GER-ch U12 Girls"]
[Site "Willingen"]
[Date "2018.05.26"]
[Round "11"]
[White "Heckler, Florentine"]
[Black "Nguyen, Jenny Ha Linh"]
[Result "1/2-1/2"]
[WhiteElo "1284"]
[BlackElo "1360"]
[PlyCount "48"]
[EventDate "2018.05.19"]
[EventType "swiss"]
[EventRounds "11"]
[EventCountry "GER"]
[SourceTitle "CBM 184 Extra"]
[Source "ChessBase"]
[SourceDate "2018.06.28"]
[SourceVersion "1"]
[SourceVersionDate "2018.06.28"]
[SourceQuality "1"]

1. e4 e5 2. Nf3 Nc6 3. Bc4 Bc5 4. Nc3 Nf6 5. d3 0-0 6. Bg5 h6 7. Be3 Bb6 8. 0-0 d6 9. Qd2 Bg4 10. h3 Be6 11. Bb3 Bxb3 12. axb3 Re8 13. Bxb6 axb6 14. Rxa8 Qxa8 15. Re1 Nd4 16. Nxd4 exd4 17. Nd5 Nxd5 18. exd5 Kf8 19. Kf1 Rxe1+ 20. Qxe1 c6 21. dxc6 bxc6 22. c4 dxc3 23. bxc3 Qe8 24. Qxe8+ Kxe8 1/2-1/2

[Event "GER-ch U12 Girls"]
[Site "Willingen"]
[Date "2018.05.23"]
[Round "7"]
[White "Heckler, Florentine"]
[Black "Feige, Adelina"]
[Result "1-0"]
[WhiteElo "1284"]
[BlackElo "1166"]
[PlyCount "93"]
[EventDate "2018.05.19"]
[EventType "swiss"]
[EventRounds "11"]
[EventCountry "GER"]
[SourceTitle "CBM 184 Extra"]
[Source "ChessBase"]
[SourceDate "2018.06.28"]
[SourceVersion "1"]
[SourceVersionDate "2018.06.28"]
[SourceQuality "1"]

1. Nf3 d5 2. g3 Nf6 3. Bg2 Nc6 4. 0-0 Bg4 5. d3 e6 6. Nbd2 Bc5 7. e4 Qd7 8. Re1 0-0-0 9. h3 Bh5 10. e5 Ng8 11. c3 d4 12. c4 Bg6 13. Nb3 Bb6 14. c5 Ba5 15. Nxa5 Nxa5 16. b4 Nc6 17. a3 a6 18. Rb1 f6 19. exf6 Nxf6 20. a4 Nd5 21. Qd2 Ndxb4 22. Rxb4 Nxb4 23. Qxb4 c6 24. Bf4 Qe7 25. Ne5 Be8 26. h4 h5 27. Bg5 Qc7 28. Bxd8 Kxd8 29. Nf3 Qd7 30. Qxd4 Qxd4 31. Nxd4 Bd7 32. Nxe6+ Bxe6 33. Rxe6 Kd7 34. Bh3 Re8 35. Rxe8+ Kxe8 36. Bc8 b5 37. cxb6 Kd8 38. Bxa6 c5 39. Kg2 Kd7 40. Kf3 Kc6 41. b7 Kc7 42. Ke4 Kb8 43. Kd5 Ka7 44. Kxc5 Kb8 45. Kc6 g6 46. f3 g5 47. hxg5 1-0